000 00597nam a2200193Ia 4500
005 20260114185636.0
008 008 260114s9999 xx 000 0 eng d
020 _a9780755624386
037 _aEBOOK
040 _aCRL
_beng
_cCRL
041 _aeng
_2eng
084 _qCRL
100 _aBevan Sewell
_9872590
245 4 _aThe US and Latin America Eisenhower, Kennedy and Economic Diplomacy in the Cold War
260 _bBloomsbury
_c2015
856 _uhttps://doi.org/10.5040/9780755624386?locatt=label:secondary_bloomsburyCollections
942 _cEBOOK
999 _c1471538
_d1471538